00417nam a2200097Ia 4500008004100000100002600041245012100067260004000188650003000228856006100258160909s9999 xx 000 0 und d aSonnet, Marie Therese aEmployee behaviors, beliefs, and collective resilience: An exploratory study in organizational resilience cap a city bFielding Graduate University.c2016 aHUMAN RESOURCE MANAGEMENT uhttp://pqdtopen.proquest.com/doc/1777582116.html?FMT=ABS